Normal view
MARC view
- Sewage disposal plants
Entry Topical Term
001 - CONTROL NUMBER
- control field: 44177
003 - CONTROL NUMBER IDENTIFIER
- control field: NUST
005 - DATE AND TIME OF LATEST TRANSACTION
- control field: 20210314132910.0
008 - FIXED-LENGTH DATA ELEMENTS
- fixed length control field: 210314|| aca||aabn | a|a d
040 ## - CATALOGING SOURCE
- Original cataloging agency: NUST
- Transcribing agency: NUST
150 ## - HEADING--TOPICAL TERM
- Topical term or geographic name entry element: Sewage disposal plants
- General subdivision: Upgrading
670 ## - SOURCE DATA FOUND
- Source citation: Work cat.: (NUST): Upgrading and retrofitting water and wastewater treatment plants /, c2005.
